IFM Opac

Expert System development in Prolog and Turbo-Prolog (Record no. 16581)

MARC details
000 -LEADER
fixed length control field 00307nam a22001217a 4500
082 ## - DEWEY DECIMAL CLASSIFICATION NUMBER
Classification number 001.642 SMI
100 ## - MAIN ENTRY--PERSONAL NAME
Personal name Peter, S
245 ## - TITLE STATEMENT
Title Expert System development in Prolog and Turbo-Prolog
260 ## - PUBLICATION, DISTRIBUTION, ETC.
Place of publication, distribution, etc. India
Name of publisher, distributor, etc. New Delhi
Date of publication, distribution, etc. 1990
300 ## - PHYSICAL DESCRIPTION
Extent 214p.
Other physical details 24cm
500 ## - GENERAL NOTE
General note Includes Index and Appendex
942 ## - ADDED ENTRY ELEMENTS (KOHA)
Koha item type Books

No items available.